| 000 | 00585cam a2200169 i 4500 | ||
|---|---|---|---|
| 005 | 20251108163333.0 | ||
| 008 | 250721s1993 ua gr 000 0 ara d | ||
| 082 | 1 | 4 |
_a132 _bا ل ف |
| 100 | 1 |
_aحقي، الفت محمد _eمؤلف. |
|
| 245 | 1 | 0 |
_aالإضطراب النفسي : _bعلم النفس الألكنيني / _cدكتور الفت محمد حقى. |
| 264 | 3 | 1 |
_aالاسكندريه : _bدار الفكر الجامعي، _c1993. |
| 300 | _a179صفحة. | ||
| 650 | 1 | 7 | _aعلم النفس. |
| 650 | 1 | 7 | _aالمرضى. |
| 942 |
_2ddc _cBK |
||
| 999 |
_c142 _d142 |
||